Medicinal plants an illustrated guide to more than 180 plants that cure disease and relieve pain

Bibliographic Details
Main Author: Graves, George, 1754-1839 (Author)
Other Authors: Hollman, Arthur, 1923-2013 (Author of introduction, etc.)
Format: Book
Language:English
PhysicalDescription:160 strán farebné ilustrácie 30 cm
Published: London Bracken Books 1990
ISBN:1851703500
Subjects:

MARC

LEADER 00000cam a2200000 a 4500
001 vtls001338114
003 SK-MaSNL
005 20260301114524.0
008 240314s1990 enkaf grnf 00100 eng
015 |a SNBA1990/07 
020 |a 1851703500  |q (viazané) 
035 |a SNK000291141 
035 |a urn:nbn:sk:snk-amljqv 
035 |a urn:nbn:sk:snk-am00bn5g 
035 |a EC81B073-6B1C-4E47-8618-F2F52DA900B8 
040 |a SNK  |b slo  |c SNK  |e AACR2 
041 0 |a eng 
044 |a enk  |c GB 
072 7 |a 633  |x Rastlinná výroba  |2 konspekt 
080 |a 633.88  |2 2011 
080 |a (0.025.2)  |2 2011 
080 |a (035)  |2 2011 
100 1 |a Graves, George,  |d 1754-1839  |4 aut  |9 458116 
245 1 0 |a Medicinal plants  |b an illustrated guide to more than 180 plants that cure disease and relieve pain  |c by George Graves with a foreword by A. Hollman 
246 1 4 |a Medicinal plants  |b an illustrated guide to more than 180 herbal plants 
260 |a London  |b Bracken Books  |c 1990 
300 |a 160 strán  |b farebné ilustrácie  |c 30 cm 
500 |a Obsahuje profesijné údaje o autorovi a autorovi predslovu 
500 |a Názov z obalu: Medicinal plants : an illustrated guide to more than 180 herbal plants 
500 |a Slovník lekárskych pojmov na strane 158 
504 |a Register na strane 159-160 
650 0 7 |a liečivé rastliny  |2 SNKPH  |9 3510 
655 7 |a príručky  |2 SNKPH  |9 74364 
655 7 |a ilustrované publikácie  |2 SNKPH  |9 109406 
700 1 |a Hollman, Arthur,  |d 1923-2013  |4 aui  |9 458117 
852 |a Slovenská národná knižnica 
919 |a 1-85170-350-0 
954 |a odborná, vedecká literatúra cudzojazyčná (svetová)  |2 lita 
954 |a ilustrované knihy, leporelá, komiksy cudzojazyčné (svetové)  |2 lita 
958 |a RK 
958 |a TL 
958 |a NB 
999 |c 718751  |d 720681 
952 |a SNK  |b SNK  |y PREZ  |7 0  |p 17A0150917  |o snkSB 46395  |i snkKSP 3356/90  |0 0  |1 0  |4 0  |d 1998-07-29  |f 1  |l 0  |r 2025-01-31 00:00:00  |w 2026-02-23 
952 |a SNK  |b SNK  |y VYP  |7 0  |p 17A0150192  |o snkSB 46395 D1  |i snkKSP 3357/90  |0 0  |1 0  |4 0  |d 1998-07-29  |l 0  |r 2005-01-02 00:00:00  |w 2026-02-23